JRA G1最多勝利騎手 - Statistics

General Stats
  • This quiz has been taken 47 times
    38 since last reset
  • The average score is 27 of 36
Answer Stats
G1レース 優勝回数 Answer % Correct
フェブラリーステークス 5回 武豊
100%
高松宮記念 3回 武豊
100%
大阪杯 8回 武豊
100%
桜花賞 5回 武豊
100%
天皇賞(春) 8回 武豊
100%
NHKマイルカップ 3回 武豊
100%
日本ダービー(東京優駿) 6回 武豊
100%
宝塚記念 5回 武豊
100%
菊花賞 5回 武豊
100%
天皇賞(秋) 7回 武豊
100%
エリザベス女王杯 4回 武豊
100%
ジャパンカップ 5回 武豊
100%
チャンピオンズカップ 4回 武豊
100%
ホープフルステークス 5回 武豊
100%
有馬記念 4回 武豊
100%
ヴィクトリアマイル 4回 クリストフ・ルメール
97%
秋華賞 4回 クリストフ・ルメール
97%
菊花賞 5回 クリストフ・ルメール
97%
皐月賞 4回 ミルコ・デムーロ
88%
朝日杯フューチュリティステークス 4回 ミルコ・デムーロ
88%
安田記念 4回 川田将雅
81%
朝日杯フューチュリティステークス 4回 川田将雅
81%
高松宮記念 3回 福永祐一
78%
阪神ジュベナイルフィリーズ 3回 福永祐一
78%
安田記念 4回 岡部幸雄
69%
マイルチャンピオンシップ 4回 池添謙一
69%
有馬記念 4回 池添謙一
69%
NHKマイルカップ 3回 横山典弘
66%
高松宮記念 3回 河内洋
25%
高松宮記念 3回 柴田善臣
25%
高松宮記念 3回 藤田伸二
22%
朝日杯フューチュリティステークス 4回 柴田政人
19%
天皇賞(秋) 7回 保田隆芳
16%
スプリンターズステークス 5回 小島太
9%
高松宮記念 3回 田原世紀
3%
オークス(優駿牝馬) 5回 嶋田功
3%
No matching quizzes found
Score Distribution
Percent of People with Each Score
Percentile by Number Answered
Your Score History
You have not taken this quiz since the last reset